000 00484cam a2200205 4500
008 #DATE n2004 000 0 eng u
020 _a0421879904
035 _a(Sirsi) u127854
041 _aeng
050 _a348.41047
_c18
110 _aCurrent Law
_92728
245 _aCurrent Law case citator 2003
260 _aLondon
_bSweet & Maxwell
_c2004
300 _axv,388p.
_c26cm.
350 _a0
650 _aCITATORS
650 _aLAW CASES
690 _aLAW
942 _n0
999 _c103828
_d103828